Data analysis with open source tools / (Record no. 23351)
[ view plain ]
| 000 -LEADER | |
|---|---|
| fixed length control field | 01007cam a2200277Ia 4500 |
| 001 - CONTROL NUMBER | |
| control field | 624414159 |
| 003 - CONTROL NUMBER IDENTIFIER | |
| control field | OCoLC |
| 005 - DATE AND TIME OF LATEST TRANSACTION | |
| control field | 20220322063721.0 |
| 008 - FIXED-LENGTH DATA ELEMENTS--GENERAL INFORMATION | |
| fixed length control field | 100517s2011 enka b 001 0 eng |
| 020 ## - INTERNATIONAL STANDARD BOOK NUMBER | |
| International Standard Book Number | 9780596802356 (pbk.) |
| 020 ## - INTERNATIONAL STANDARD BOOK NUMBER | |
| International Standard Book Number | 0596802358 (pbk.) |
| 035 ## - SYSTEM CONTROL NUMBER | |
| System control number | (OCoLC)624414159 |
| Canceled/invalid control number | (OCoLC)609544357 |
| 040 ## - CATALOGING SOURCE | |
| Original cataloging agency | UKM |
| Transcribing agency | UKM |
| Modifying agency | BTCTA |
| -- | YDXCP |
| -- | VP@ |
| -- | BWX |
| -- | HCO |
| -- | CDX |
| -- | IXA |
| -- | IUL |
| -- | EXN |
| 049 ## - LOCAL HOLDINGS (OCLC) | |
| Holding library | EXNW |
| 050 14 - LIBRARY OF CONGRESS CALL NUMBER | |
| Classification number | QA76.9.D343 |
| Item number | J354 2011 |
| 082 04 - DEWEY DECIMAL CLASSIFICATION NUMBER | |
| Classification number | 006.312 |
| Edition number | 22 |
| 100 1# - MAIN ENTRY--PERSONAL NAME | |
| Personal name | Janert, Philipp K. |
| 245 10 - TITLE STATEMENT | |
| Title | Data analysis with open source tools / |
| Statement of responsibility, etc | Philipp K. Janert. |
| 260 ## - PUBLICATION, DISTRIBUTION, ETC. (IMPRINT) | |
| Place of publication, distribution, etc | Sebastopol, CA : |
| Name of publisher, distributor, etc | O'Reilly, |
| Date of publication, distribution, etc | 2011. |
| 300 ## - PHYSICAL DESCRIPTION | |
| Extent | xviii, 509 p. : |
| Other physical details | ill. ; |
| Dimensions | 24 cm. |
| 504 ## - BIBLIOGRAPHY, ETC. NOTE | |
| Bibliography, etc | Includes bibliographical references and index. |
| 520 ## - SUMMARY, ETC. | |
| Summary, etc | Provides information on the techniques of data analysis using a variety of open source tools. |
| 650 #0 - SUBJECT ADDED ENTRY--TOPICAL TERM | |
| Topical term or geographic name as entry element | Data mining |
| General subdivision | Computer programs. |
| 650 #0 - SUBJECT ADDED ENTRY--TOPICAL TERM | |
| Topical term or geographic name as entry element | Open source software. |
| 942 ## - ADDED ENTRY ELEMENTS (KOHA) | |
| Source of classification or shelving scheme | Library of Congress Classification |
| Koha item type | Books |
| Classification part | QA 76.9 .D343 |
| Item part | J354 2011 |
| Withdrawn status | Lost status | Source of classification or shelving scheme | Damaged status | Not for loan | Collection code | Home library | Current library | Shelving location | Date acquired | Source of acquisition | Cost, normal purchase price | Serial Enumeration / chronology | Total Checkouts | Total Renewals | Full call number | Barcode | Date last seen | Date checked out | Cost, replacement price | Price effective from | Koha item type |
|---|---|---|---|---|---|---|---|---|---|---|---|---|---|---|---|---|---|---|---|---|---|
| Library of Congress Classification | Books | Judith Thomas Library | Judith Thomas Library | General Stacks | 22/03/2022 | Donation, Willard Munger | 25.00 | AUA25927 | 2 | 3 | QA 76.9 .D343 J354 2011 | AUA25927 | 04/03/2024 | 25/01/2024 | 25.00 | 22/03/2022 | Books |